000 00566nam a2200181Ia 4500
003 GCL
008 140319s9999 xx 000 0 ara d
040 _aGCL /
_cGCL
082 0 4 _a345.02
_bع ن
100 1 _aعصام احمد محمد
245 1 0 _aالنظرية العامة للحق فى سلامة الجسم دراسة جنائية مقارنة /
_cعصام احمد محمد
260 _a[S.N] :
_bالمجالس ،
_c1988
300 _a1123 ص
490 _a
650 0 4 _aالقانون الجنائى
650 0 4 _aالقانون
942 _2ddc
_cBK
999 _c55103
_d55103